Sears's Anatomy & Physiology for Nurses (Record no. 794)
[ view plain ]
| 000 -LEADER | |
|---|---|
| Fixed length control field | 00601nam a2200229Ia 4500 |
| 003 - CONTROL NUMBER IDENTIFIER | |
| Control field | IIN |
| 005 - DATE AND TIME OF LATEST TRANSACTION | |
| Control field | 20250328124912.0 |
| 008 - FIXED-LENGTH DATA ELEMENTS--GENERAL INFORMATION | |
| Fixed length control field | 231217s9999 xx ad 001 0 eng d |
| 020 ## - INTERNATIONAL STANDARD BOOK NUMBER / ISBN | |
| Price | Rs.750.00 |
| International Standard Book Number | 9789386261557 |
| 040 ## - CATALOGING SOURCE | |
| Original cataloging agency | IIN |
| Language of cataloging | English |
| 082 ## - DEWEY DECIMAL CLASSIFICATION NUMBER | |
| Classification number | 612 |
| Book Number | IND |
| 100 1# - MAIN ENTRY--PERSONAL NAME | |
| Personal name | Indira C.K |
| 245 1# - TITLE STATEMENT | |
| Title | Sears's Anatomy & Physiology for Nurses |
| Statement of responsibility | Indira C.K and Mini Vasudevan |
| 250 ## - EDITION STATEMENT | |
| Edition statement | 7th ed |
| 260 ## - IMPRINT | |
| Name of publisher | Jaypee |
| Place of publication | New Delhi |
| Date of publication | 2018 |
| 300 ## - PHYSICAL DESCRIPTION | |
| Page / Vol. No | xix, 447 p. |
| Other physical details | ill. |
| 500 ## - GENERAL NOTE | |
| General note | Includes Index |
| 650 1# - SUBJECT ADDED ENTRY--TOPICAL TERM | |
| Topical term | Anatomy |
| 650 1# - SUBJECT ADDED ENTRY--TOPICAL TERM | |
| Topical term | Physiology |
| 700 1# - ADDED ENTRY--PERSONAL NAME | |
| Personal name | Vasudevan, Mini |
| 942 ## - ADDED ENTRY ELEMENTS (KOHA) | |
| Koha item type | Books |
| Withdrawn status | Lost status | Source of classification | Damaged status | Not for loan | Collection code | Home library | Current library | Date acquired | Price | Total Checkouts | Call number | Accession number | Date last seen | Price effective from | Koha item type | Shelving location |
|---|---|---|---|---|---|---|---|---|---|---|---|---|---|---|---|---|
| Dewey Decimal Classification | IDEAL INSTITUTE OF NURSING | IDEAL INSTITUTE OF NURSING | 17/12/2023 | 750.00 | 612 IND | 789 | 17/12/2023 | 17/12/2023 | Books | |||||||
| Dewey Decimal Classification | IDEAL INSTITUTE OF NURSING | IDEAL INSTITUTE OF NURSING | 17/12/2023 | 750.00 | 612 IND | 790 | 17/12/2023 | 17/12/2023 | Books | |||||||
| Dewey Decimal Classification | IDEAL INSTITUTE OF NURSING | IDEAL INSTITUTE OF NURSING | 17/12/2023 | 750.00 | 612 IND | 791 | 17/12/2023 | 17/12/2023 | Books | |||||||
| Dewey Decimal Classification | IDEAL INSTITUTE OF NURSING | IDEAL INSTITUTE OF NURSING | 17/12/2023 | 750.00 | 612 IND | 792 | 17/12/2023 | 17/12/2023 | Books | |||||||
| Dewey Decimal Classification | IDEAL INSTITUTE OF NURSING | IDEAL INSTITUTE OF NURSING | 17/12/2023 | 750.00 | 612 IND | 793 | 17/12/2023 | 17/12/2023 | Books | |||||||
| Dewey Decimal Classification | Purches Book | IDEAL INSTITUTE OF NURSING | IDEAL INSTITUTE OF NURSING | 11/03/2025 | 895.00 | 612 IND | 1833 | 28/03/2025 | 28/03/2025 | Books | General Stacks |
